Statistics for 2017World Athletics Championships - Largest Teams

Click here to take the quiz!

General Stats

  • This quiz has been taken 33 times
  • The average score is 15 of 18

Answer Stats

AthletesCountry% Correct
92Great Britain
97%
167United States
97%
57Canada
94%
76Germany
94%
62Australia
91%
50China
91%
59Spain
91%
55France
88%
36Italy
84%
47Japan
84%
39Brazil
78%
63Jamaica
78%
50Kenya
78%
46Ethiopia
72%
51Poland
72%
32Sweden
72%
30Netherlands
66%
48Ukraine
66%

Score Distribution

Percentile by Number Answered

Percent of People with Each Score

Your Score History

You have not taken this quiz